| 000 | 01675 a2200253 4500 | ||
|---|---|---|---|
| 001 | 47531 | ||
| 005 | 20260407155742.0 | ||
| 008 | 260407a1998 arg spa d | ||
| 003 | AR-UNSa-BCEJYS | ||
| 040 |
_aAR-UNSa-BCEJYS _bspa _cAR-UNSa-BCEJYS |
||
| 080 |
_a82-3 _xFicción. Prosa Narrativa. (Novelas...Novelas históricas) |
||
| 245 | 1 | 0 | _aSarmiento y sus fantasmas |
| 020 | _a950-49-0027-8 | ||
| 264 | 1 |
_aBuenos Aires : _bPlaneta _c1998 |
|
| 300 |
_a302 p. _c21 cm. |
||
| 520 | _aFélix Luna propone en estas páginas una original visión de Domingo Faustino Sarmiento en la que se mezclan la ficción con la verdad histórica. En un fascinante juego de la imaginación, Luna enfrenta a su protagonista con diversos personajes clave en su vida y en su obra, y delinea, a partir de esos diálogos, un retrato que va completándose a medida que avanza el texto. La lucha, los ideales, las debilidades y las grandezas, los amores y enconos del gran sanjuanino surgen en la prosa Luna con el tono sincero y a veces brutal que caracterizaba al propio Sarmiento. Félix Luna despliega en esta obra todo su oficio de historiador y sus habilidades literarias para hacer de estos "fantasmas" voces nítidas y reales, y recrea para el lector un Sarmiento tierno y evocativo a veces, tonante y furioso otras, siempre genial, siempre empeñado en combatir la barbarie. | ||
| 041 | _aspa | ||
| 942 | _cBK | ||
| 590 | _aniveau_biblio:m niveau_hierar:0 | ||
| 100 | 1 | _aLuna, Félix | |
| 650 | _aDomingo Faustino Sarmiento | ||
| 856 | 4 | 1 |
_uhttps://www.biblioeco.unsa.edu.ar/pmb/images/libros/L127600.jpg _yImagen de portada _qimage/jpeg |
| 650 | _a domingo faustino sarmiento | ||
| 999 |
_c4412 _d4412 |
||